000 00853nam a22002177a 4500
999 _c839
_d839
003 AR-CdUCM
008 190225b ||||| |||| 00| 0 spa d
040 _aMUNICIPALIDAD PROVINCIAL DEL CUSCO
_cBIBLIOTECA MUNICIPAL DEL CUSCO
082 _a869.038 /
_bC95
110 _aInstituto Andino de Artes Populares del Convenio "Andres Bello "
_93180
245 _aCuento Popular Andino /
_cInstituto Andino de Artes Populares del Convenio "Andres Bello "
260 _aQuito :
_bEdiciones Culturales,
_c1983.
300 _a426 paginas ;
_bil, .
_c25cm.
505 _aGato Negro -- La leyenda -- De animales tipo Fabula -- El relato oral andino...
650 _aSiete cabritos y su mama
_93181
650 _aEl puyma y el zorro
_93182
650 _aLa hormiguita
_93183
650 _aCuentos populares
_93184
942 _2ddc
_cLIBROS
945 _apjha
_d2019-02-25